বিল গেটস্ : (Record no. 1796)
[ view plain ]
| 000 -LEADER | |
|---|---|
| fixed length control field | 00885nam a2200217 a 4500 |
| 001 - CONTROL NUMBER | |
| JCCL Control Number | 1796 |
| 003 - CONTROL NUMBER IDENTIFIER | |
| JCCL marc code | BD-JhCC |
| 005 - DATE AND TIME OF LATEST TRANSACTION | |
| control field | 20171210084951.0 |
| 008 - FIXED-LENGTH DATA ELEMENTS--GENERAL INFORMATION | |
| fixed length control field | 171024s2007 bg |||| |||| 001 0 ben d |
| 020 ## - INTERNATIONAL STANDARD BOOK NUMBER | |
| International Standard Book Number | 9844585554 |
| 035 ## - SYSTEM CONTROL NUMBER | |
| system control number | (BD-JhCC)1796 |
| 040 ## - CATALOGING SOURCE | |
| Original cataloging agency | BD-JhCC |
| Modifying agency | BD-JhCC |
| 041 ## - LANGUAGE CODE | |
| Language code of Book | ben |
| 082 ## - DEWEY DECIMAL CLASSIFICATION NUMBER | |
| Classification number | 338.092 |
| Author mark and Year | LOO 2007 |
| 100 ## - MAIN ENTRY--PERSONAL NAME | |
| Personal name | লো, জ্যানেট |
| 245 ## - TITLE STATEMENT | |
| Title | বিল গেটস্ : |
| Remainder of title | দ্যা গ্রেটেস্ট এনট্র্যাপ্রেনার অব সফটওয়্যার / |
| Statement of responsibility, etc | জ্যানেট লো : শরিফুল ইসলাম ভূঁইয়া (সম্পা.) |
| 260 ## - PUBLICATION, DISTRIBUTION, ETC. (IMPRINT) | |
| Place of publication, distribution, etc | ঢাকা : |
| Name of publisher, distributor, etc | সময় প্রকাশন, |
| Date of publication, distribution, etc | ২০০৭. |
| 300 ## - PHYSICAL DESCRIPTION | |
| Pagination | ১৫৮ পৃ : |
| Dimensions | ২১ সেমি. |
| 700 ## - ADDED ENTRY--PERSONAL NAME | |
| Personal name | ভূঁইয়া ,শরিফুল ইসলাম |
| 942 ## - ADDED ENTRY ELEMENTS (KOHA) | |
| Source of classification or shelving scheme | Dewey Decimal Classification |
| Koha item type | Books |
| Source of classification or shelving scheme | Damaged status | Not for loan | Home library | Current library | Shelving location | Date of accession | Source of acquisition | Cost, normal purchase price | Total Checkouts | Full call number | Barcode | Date last seen | Copy number | Koha item type |
|---|---|---|---|---|---|---|---|---|---|---|---|---|---|---|
| Dewey Decimal Classification | JCC Rouf Library | JCC Rouf Library | General Stacks | 10/24/2017 | Md.Nasser Shahrear Zahedee | 150.00 | 338.092 LOO 2007 | 2711 | 10/24/2017 | C-1 | Books |